David Cronenberg Filmography - Statistics

General Stats
  • This quiz has been taken 51 times
    32 since last reset
  • The average score is 58 of 130
Answer Stats
Type Year Name % Correct
Film Director 1996 Crash
94%
Film Screenplay 1996 Crash
94%
Film Production 1996 Crash
94%
Film Cameo 1996 Crash
94%
Film Director 1986 The Fly
94%
Film Screenplay 1986 The Fly
94%
Film Cameo 1986 The Fly
94%
Stage Director 2008 The Fly
94%
Film Director 1970 Crimes of the Future
89%
Film Screenplay 1970 Crimes of the Future
89%
Film Editor 1970 Crimes of the Future
89%
Film Director 2022 Crimes of the Future
89%
Film Screenplay 2022 Crimes of the Future
89%
Film Director 1981 Scanners
89%
Film Screenplay 1981 Scanners
89%
Film Director 2005 A History of Violence
83%
Film Director 2007 Eastern Promises
83%
Film Director 1999 eXistenZ
83%
Film Screenplay 1999 eXistenZ
83%
Film Production 1999 eXistenZ
83%
Film Director 1983 Videodrome
83%
Film Screenplay 1983 Videodrome
83%
Film Cameo 1983 Videodrome
83%
Film Director 1988 Dead Ringers
78%
Film Screenplay 1988 Dead Ringers
78%
Film Production 1988 Dead Ringers
78%
Film Cameo 1988 Dead Ringers
78%
Film Director 1991 Naked Lunch
78%
Film Screenplay 1991 Naked Lunch
78%
Film Director 2012 Cosmopolis
72%
Film Screenplay 2012 Cosmopolis
72%
Film Director 2024 The Shrouds
72%
Film Screenplay 2024 The Shrouds
72%
Film Director 2011 A Dangerous Method
67%
Film Director 1977 Rabid
67%
Film Screenplay 1977 Rabid
67%
Film Director 1979 The Brood
67%
Film Screenplay 1979 The Brood
67%
Film Director 1983 The Dead Zone
67%
Film Director 2014 Maps to the Stars
61%
Film Director 1975 Shivers
61%
Film Screenplay 1975 Shivers
61%
Film Cameo 1975 Shivers
61%
Film Director 2002 Spider
56%
Film Production 2002 Spider
56%
Film Director 1993 M. Butterfly
44%
Film Director 1979 Fast Company
39%
Film Screenplay 1979 Fast Company
39%
Film Acting Role 1990 Nightbreed
39%
Film Director 1969 Stereo
39%
Film Screenplay 1969 Stereo
39%
Film Production 1969 Stereo
39%
Film Editor 1969 Stereo
39%
Short Film Director 2000 Camera
33%
Short Film Screenplay 2000 Camera
33%
Film Acting Role 2001 Jason X
33%
Film Acting Role 2026 Ready or Not: Here I Come
33%
Web Series Acting Role 2020-2024 Star Trek: Discovery
33%
Short Film Director 2021 The Death of David Cronenberg
33%
Short Film Screenplay 2021 The Death of David Cronenberg
33%
Short Film Acting Role 2021 The Death of David Cronenberg
33%
Short Film Director 2013 The Nest
33%
Short Film Acting Role 2013 The Nest
33%
TV Show Acting Role 2003 Alias
28%
Web Mini-Series Acting Role 2017 Alias Grace
28%
Short Film Director 2007 At the Suicide of the Last Jew in the World in the Last Cinema in the World
28%
Short Film Screenplay 2007 At the Suicide of the Last Jew in the World in the Last Cinema in the World
28%
Short Film Acting Role 2007 At the Suicide of the Last Jew in the World in the Last Cinema in the World
28%
Film Cameo 2010 Barney's Version
28%
Film Cameo 1995 Blood & Donuts
28%
Short Film Acting Role 1992 Blue
28%
Film Cameo 1994 Boozecan
28%
Film Acting Role 2019 Disappearance at Clifton Hill
28%
Short TV Documentary Director 1972 Don Valley
28%
Film Cameo 1996 Extreme Measures
28%
Film Acting Role 2020 Falling
28%
Short TV Documentary Director 1972 Fort York
28%
TV Show Director 1988 Friday the 13th: The Series
28%
Short Film Director 1967 From the Drain
28%
Short Film Screenplay 1967 From the Drain
28%
Short Film Editor 1967 From the Drain
28%
Film Acting Role 1996 Henry & Verlin
28%
Short TV Documentary Director 1972 In the Dirt
28%
Film Cameo 1985 Into the Night
28%
Short TV Documentary Director 1971 Jim Ritchie Sculptor
28%
Short TV Documentary Production 1971 Jim Ritchie Sculptor
28%
Short TV Documentary Director 1972 Lakeshore
28%
Film Acting Role 1998 Last Night
28%
Short TV Documentary Director 1971 Letter from Michelangelo
28%
Commercial Director 1990 Nike
28%
Commercial Director 1989 Ontario Hydro
28%
TV Show Director 1976 Peep Show
28%
TV Show Acting Role 2017 Pig Goat Banana Cricket
28%
TV Show Director 1972 Programme X
28%
Film Acting Role 1999 Resurrection
28%
TV Pilot Acting Role 2013 Rewind
28%
TV Show Director 1990, 1991 Scales of Justice
28%
Short TV Documentary Director 1972 Scarborough Bluffs
28%
Web Series Acting Role 2021 Slasher
28%
TV Show Director 1976 Teleplay
28%
TV Show Writer 1976 Teleplay
28%
Film Cameo 1998 The Grace of God
28%
TV Show Acting Role 1997 The Newsroom
28%
Film Cameo 1996 The Stupids
28%
Film Cameo 1995 To Die For
28%
Short TV Documentary Director 1971 Tourettes
28%
Short Film Director 1966 Transfer
28%
Short Film Screenplay 1966 Transfer
28%
Short Film Production 1966 Transfer
28%
Short Film Editor 1966 Transfer
28%
Film Cameo 1994 Trial by Jury
28%
Short TV Documentary Director 1972 Winter Garden
28%
Short Film Acting Role 2016 Ape Sodom
22%
Short Film Director 2014 Consumed
22%
Short Film Screenplay 2014 Consumed
22%
Short Film Story 2014 Consumed
22%
Short Film Production 2014 Consumed
22%
Short Film Acting Role 2014 Consumed
22%
TV Show Acting Role 2010 Happy Town
22%
TV Film Cameo 1996 Moonshine Highway
22%
TV Show Acting Role 2001 The Judge
22%
Short Film Acting Role 2016 Tomorrow's Shadows
22%
Film Cameo 2024 Humane
17%
TV Show Director 1978 Canadian Reflections
11%
Commercial Director 1990 Caramilk
6%
Film Production 1998 I'm Losing You
6%
TV Documentary Appearance 1987 Long Live the New Flesh: The Films of David Cronenberg
6%
TV Documentary Narrator 2013 Tales from the Organ Trade
6%
TV Special Appearance 2022 Premio Donostia a David Cronenberg
0%
Short Film Production 2008 The Plan
0%
No matching quizzes found
Score Distribution
Percent of People with Each Score
Percentile by Number Answered
Your Score History
You have not taken this quiz since the last reset